• 首页
  • 本馆介绍
  • 公告通知
  • 最新文献
  • 馆藏检索
  • 电子资源
  • 读者导购
  • 参考咨询
  • 我的图书馆
  • 登录
  • 详细信息显示
  • 放入我的书架
  • 预约/预借图书
  • 作者相关作品
  • 分类相关作品
  • 丛书相关作品
  • 出版社相关作品

书目信息

  • 表格格式
  • 工作单格式
  • 卡片格式
题名:
少年鲁迅的故事
    
 
作者: 何启治 编著
分册:  
出版信息: 天津   新蕾出版社  1981
页数: 147页
开本: 21cm
丛书名: 童年文库
单 册:
中图分类: I210.94
科图分类:
主题词: 儿童文学-传记小说--中国--现代 , 文学--作品集--中国 , 传记小说-儿童文学--中国--现代
电子资源:
ISBN:
000 00758nam2 2200277 45
001 0181008478
005 20060913105509.54
010    @dCNY0.44
091    @aR10213.74
100    @a19950705d1981 demy0chiy0121 ea
101 0  @achi
102    @aCN@b120000
105    @ay z 000ad
200 10 @a少年鲁迅的故事@Ashao nian lu xun de gu shi@f何启治编著
210    @a天津@c新蕾出版社@d1981
215    @a147页@d21cm
225 2  @a童年文库
410  0 @120010@a童年文库
606    @a儿童文学-传记小说@y中国@z现代
606 0  @a文学@x作品集@x中国
606    @a传记小说-儿童文学@y中国@z现代
690    @aI210.94
701  0 @a何启治@Ahe qi zhi@4编著
801  2 @aCN@bNLC@c20060913
801  0 @aCN@b上海图书馆@c20040415
905    @f1@b60189@dI210.94@e46
    
    少年鲁迅的故事/何启治编著.-天津:新蕾出版社,1981
    147页;21cm.-(童年文库)
    
    
    ISBN :CNY0.44
    
●
相关链接 在E读中查询图书 在五车中查询图书 在当当中查询图书 在豆瓣中查询图书


正题名:少年鲁迅的故事     索取号:I210.94/46         预约/预借

序号 登录号 条形码 馆藏地/架位号 状态 备注
1 0060189   000046097   第二借阅区/ [索取号:I210.94/46] 在馆    
2 0060191   000046578   第一样本阅览室/ [索取号:I210.94/46] 在馆    
3 0475521   204755210   密集书库/ [索取号:I210.94/46] 在馆    
唐山师范学院图书馆 欢迎您!
大连网信软件有限公司© 版权所有